| 000 | 00385nam a2200157 4500 | ||
|---|---|---|---|
| 005 | 20260303121604.0 | ||
| 008 | CUC123 | ||
| 020 | _a9780071140539 | ||
| 050 |
_aHG 4026 BRE _b1 |
||
| 100 | _aBREALEY A. RICHARD | ||
| 245 | _aPRINCIPLES OF CORPORATE FINANCE | ||
| 260 |
_aNEW YORK _bMCGRAW- HILL _c1996 |
||
| 300 | _avii,xxv,998p.l-26 | ||
| 700 | _aMYERS, C. STEWART | ||
| 942 |
_2lcc _cBK _n0 |
||
| 999 |
_c8845 _d8845 |
||